Ο πολιτιστικός ιμπεριαλισμός
Αποθηκεύτηκε σε:
| Άλλοι συγγραφείς: | |
|---|---|
| Μορφή: | Βιβλίο |
| Γλώσσα: | Greek |
| Δημοσίευση: |
Αθήνα :
Ίδρυμα Μεσογειακών Μελετών,
1984.
|
| Θέματα: | |
| Ετικέτες: |
Προσθήκη ετικέτας
Δεν υπάρχουν, Καταχωρήστε ετικέτα πρώτοι!
|
MARC
| LEADER | 00000cam a2200000 a 4500 | ||
|---|---|---|---|
| 001 | 1/116845 | ||
| 008 | 180618s1984####gr | ||| |||| ||gre|| | ||
| 040 | |a GR-MyUa |b gre |c GR-MyUa |e AACR2 | ||
| 041 | 1 | |a gre | |
| 082 | 7 | |a 303.482 |2 (23) | |
| 245 | 0 | 0 | |a Ο πολιτιστικός ιμπεριαλισμός / |c Λέλιο Μπάσο ... [κ. ά.] ; εισαγωγή στην ελληνική έκδοση Γιάγκου Ανδρεάδη ; [μεταφραστές Λήδα Ιστικοπούλου, Κώστας Κουτσομπέλης, Μανόλης Μαυρολέων] |
| 260 | |a Αθήνα : |b Ίδρυμα Μεσογειακών Μελετών, |c 1984. | ||
| 300 | |a 197 σ. ; |c 21 εκ. | ||
| 500 | |a Διεθνής Ένωση για τα Δικαιώματα και την Απελευθέρωση των Λαών, Ελληνική Ένωση για τα Δικαιώματα και την Απελευθέρωση των Λαών. Εισηγήσεις που έγιναν στη Διεθνή Συνδιάσκεψη για τον Πολιτιστικό ιμπεριαλισμό η οποία διοργανώθηκε από τη Διεθνή Ένωση για τα Δικαιώματα και την Απελευθέρωση των Λαών, Αλγέρι, 11 και 15 Οκτ. 1977. | ||
| 650 | 0 | |a Imperialism |x Congresses. | |
| 651 | 0 | |a Developing countries |x Social conditions. | |
| 700 | 1 | |a Ανδρεάδης, Γιάγκος, |d 1944- |e aui | |
| 852 | |a INST |b LESVOS |e 20180618 |h 303.482 ΠΟΛ |p 005100060487 |q 005100060487 |t BK |y 0 | ||
| 970 | |a Τζαφέρη |b Ευαγγελία |z 18-06-2018 | ||